000 00343nam a22001457a 4500
020 _a9780198070924
082 _a823
_bSOA/O
100 _aSOANES, CATHERINE
245 _aOXFORD ENGLISH DICTIONARY
250 _aSECOND EDITION
260 _aDELHI
_bOXFORD UNIVERSITY PRESS
_c2011
300 _a897
650 _aDICTIONARY
_zINDIA
942 _cBK
999 _c1735
_d1735